| 000 | 00398nam a2200169Ia 4500 | ||
|---|---|---|---|
| 008 | 210210b1950 xxu||||| |||| 00| 0 eng d | ||
| 041 | _aeng | ||
| 082 | _a539/4 | ||
| 100 | _aBARNETT (Lincoln) | ||
| 245 | _aUniverse and Dr.Einstein | ||
| 260 |
_aLondon _bVictor Gollancz Ltd., _c1950 |
||
| 300 | _a112 | ||
| 650 | _aUniverse | ||
| 650 | _aDr.Einstein | ||
| 690 | _aPhysics | ||
| 906 | _a009020 | ||
| 999 |
_c127767 _d127767 |
||